Truyện cổ Raglai
Nội dung giới thiệu về con ngườu, phong tục tập quán của người Raglai ở Việt Nam. Giới thiệu truyện cổ Raglai phần tiếng Raglai và phần dịch sang tiếng Việt.
Zapisane w:
| 1. autor: | |
|---|---|
| Format: | Książka |
| Język: | Undetermined |
| Wydane: |
Hà Nội
Dân Trí
2010
|
| Hasła przedmiotowe: | |
| Etykiety: |
Dodaj etykietę
Nie ma etykietki, Dołącz pierwszą etykiete!
|
| Thư viện lưu trữ: | Trung tâm Học liệu Trường Đại học Cần Thơ |
|---|
| LEADER | 00818nam a2200193Ia 4500 | ||
|---|---|---|---|
| 001 | CTU_164016 | ||
| 008 | 210402s9999 xx 000 0 und d | ||
| 082 | |a 398.209597 | ||
| 082 | |b T559 | ||
| 100 | |a Tiẻnq, Chamaliaq Riya | ||
| 245 | 0 | |a Truyện cổ Raglai | |
| 245 | 0 | |c Chamaliaq Riya Tiẻnq, Trần Kiêm Hoàng | |
| 260 | |a Hà Nội | ||
| 260 | |b Dân Trí | ||
| 260 | |c 2010 | ||
| 520 | |a Nội dung giới thiệu về con ngườu, phong tục tập quán của người Raglai ở Việt Nam. Giới thiệu truyện cổ Raglai phần tiếng Raglai và phần dịch sang tiếng Việt. | ||
| 650 | |a Folk literature, vietnamese,Văn học dân gian Việt Nam | ||
| 904 | |i Qhieu | ||
| 980 | |a Trung tâm Học liệu Trường Đại học Cần Thơ | ||